000 00633nam a2200229Ia 4500
003 OSt
005 20220928125346.0
006 a|||||r|||| 00| 0
007 ta
008 220927b |||||||| |||| 00| 0 eng d
024 _a42589
037 _cTextual
040 _aSDCL
_cSDCL
_beng
041 _2eng
_aeng
082 _aXM8:8, N9
100 _aCullen John B
_9460837
245 0 _aMultinational management
_b A strategic approach
260 _aThomson
_bSouth-Western College Publishing
_c1999
300 _axvii,622p
_ccm.
942 _hXM8:8, N9
_cTEXL
_2CC
999 _c782037
_d782037